Miasta w Japonii - Nagła Śmierć - Statystyki

Ogólne statystyki
  • Ten quiz został rozwiązany 100 razy
    42 od ostatniego zresetowania
  • Średni wynik to 8 z 24
Answers on the Grid
Answers color-coded by a green-red scale on the quiz's grid according to % correct below.
Ćennaj
Chiba
Czedżu
Doha
Dżakarta
Fukuoka
Fukushima
Fuzhou
Gifu
Haida Gwaii
Hikikomori
Himeji
Hiroszima
Honolulu
Jokohama
Kagoshima
Kaikoura
Kano
Kawasaki
Kitakiusiu
Kobe
Kumasi
Maiduguri
Managua
Manama
Mogadiszu
Nagano
Nagasaki
Nagoja
Nakuru
Niigata
Okayama
Okinawa
Osaka
Pusan
Saitama
Sapporo
Sarasota
Sendai
Shifu
Shizuoka
Sikoku
Sokcho
Suwa
Szanghaj
Tajpej
Tarent
Tiencin
Tokio
Toyota
Tsukino
 
Statystyki odpowiedzi
Odpowiedź % Poprawnych
Fukuoka
86%
Fukushima
57%
Hiroszima
57%
Okinawa
57%
Nagano
43%
Nagasaki
43%
Okayama
43%
Osaka
43%
Shizuoka
43%
Tokio
43%
Chiba
29%
Jokohama
29%
Kagoshima
29%
Kawasaki
29%
Kitakiusiu
29%
Nagoja
29%
Sapporo
29%
Sendai
29%
Himeji
14%
Kobe
14%
Niigata
14%
Gifu
0%
Saitama
0%
Toyota
0%
Nie znaleziono quizów pasujących do podanych kryteriów
Rozkład punktacji
Procent ludzi z każdym wynikiem
Percentyl według liczby udzielonych odpowiedzi
Twoja historia wyników
Nie rozwiązałeś tego quizu od ostatniego zresetowania